Statystyki dla Postacie historyczne #3

Kliknij tutaj aby rozwiązać quiz!

Ogólne statystyki

  • Ten quiz został rozwiązany 36 razy
  • Średni wynik to 5 z 15

Statystyki odpowiedzi

HintOdpowiedź% Poprawnych
Dowódca wyprawy, która okrążyła ziemięFerdynand Magellan
88%
Reformator niemiecki, wygłosił 95 tezMarcin Luter
88%
Pierwszy prezydent II RzeczypospolitejGabriel Narutowicz
53%
XVIII wieczny pirat, który zasłynął swoim charakterystycznym wyglądemCzarnobrody
38%
Chilijski faszystowski dyktator z lat 1973-1990Augusto Pinochet
34%
Pierwszy cesarz państwa Austro-WęgierskiegoFranciszek Józef I
31%
Pierwszy prezydent demokratyczny w CzechachVáclav Havel
28%
Ostatni cesarz EtiopiiHajle Syllasje I
16%
Jedyny władca, pierwszego udokumentowanego państwa słowiańskiegoSamon
16%
Brytyjski wojskowy z okresu I wojny światowej, uczestniczył w arabskich powstaniach przeciwko Imperium OsmańskiemuLawrence z Arabii
13%
Wiking, który według różnych źródeł odkrył AmerykęLeif Eriksson
13%
Przywódca szkockiego powstania przeciwko Anglikom w 1297 rokuWilliam Wallace
13%
Bliski współpracownik Hitlera, zamordowany podczas tzw. "nocy długich noży"Ernst Röhm
9%
Afroamerykański działacz, dążący do siłowego przeciwstawienia się rasizmowiMalcolm X
9%
Ostatni faktyczny car rosyjski z dynastii RurykowiczówFiodor I
6%

Rozkład punktacji

Percentyl według liczby udzielonych odpowiedzi

Procent ludzi z każdym wynikiem

Twoja historia wyników

Nie rozwiązałeś tego quizu